000 00655nam a2200193Ia 4500
003 GCL
008 140319s9999 xx 000 0 ara d
020 _a977\287\171\8
040 _aGCL /
_cGCL
082 0 4 _a671.35
_bا ا
100 1 _aاحمد زكى حلمى
245 1 0 _aاساسيات تكنولوجيا الورش :
_bتشغيل المعادن بالقطع /
_cاحمد زكى حلمى
260 _aالقاهرة :
_bدار الكتب العلمية للنشر والتوزيع ،
_c2001
300 _a431 ص ؛
_c24 سم
650 0 4 _aالورش
650 0 4 _aهندسة الورش
650 0 4 _aالمعادن - قطع
942 _2ddc
_cBK
999 _c5349
_d5349